| 000 | 00736nam a22002297a 4500 | ||
|---|---|---|---|
| 003 | OSt | ||
| 005 | 20251201161410.0 | ||
| 008 | 251201s2003 ag ||||| |||| 00| 0 spa d | ||
| 020 | _a84-89780-55-2 | ||
| 040 |
_cAR-RoUNCS _aAR-RoUNCS |
||
| 080 | _075Goya | ||
| 245 | 0 | 0 |
_aGoya / _cpresentación de Manuela B. Mena Marqués. |
| 250 | _a1a ed. | ||
| 260 |
_aMilano : _bGen40, _c2003. |
||
| 300 |
_a189 p. : _bil. col. ; _c21 cm. |
||
| 490 | 0 |
_aLos Grandes Genios de la Pintura ; _v2 |
|
| 600 | 1 | 4 |
_aGoya, Francisco de, _d1746-1828 _xCrítica e interpretación _qGoya Lucientes, Francisco. |
| 650 | 7 |
_2embne _aPintores _ySiglos XVIII |
|
| 655 | 7 |
_2embne _aCatálogo de exposiciones |
|
| 700 | 1 | _aMena Marqués, Manuela B. | |
| 942 |
_2udc _cOG _n0 |
||
| 999 |
_c815 _d815 |
||